000 00478nam a22001811a 4500
001 5068
003 OSt
005 20260204211959.0
008 051105s1984||||sp ||||||b||||||||||spa||
020 _a8472323439
050 _a972.8 S68i
100 _aSerrano de Haro, Antonio
245 _aLlanto de Panamá a la muerte de Don Enrique / Antonio Serrano de Haro
264 _aEspaña: Cultural Hispánica
300 _a241 p
650 _a1.Historia PanamáÌ
942 _2ddc
_cBK
999 _c5068
_d5068